| 000 | 01474nam a22003134a 4500 | ||
|---|---|---|---|
| 001 | ebr10271653 | ||
| 003 | CaPaEBR | ||
| 006 | m u | ||
| 007 | cr cn||||||||| | ||
| 008 | 041020s2005 enka sb 001 0 eng | ||
| 010 | _z 2004024898 | ||
| 020 | _z0199245649 (alk. paper) | ||
| 020 | _z0199245630 (pbk. : alk. paper) | ||
| 040 |
_aCaPaEBR _cCaPaEBR |
||
| 035 | _a(OCoLC)132689066 | ||
| 050 | 1 | 4 |
_aBF323.J63 _bJ65 2005eb |
| 082 | 0 | 4 |
_a153.7/33 _222 |
| 245 | 0 | 0 |
_aJoint attention _h[electronic resource] : _bcommunication and other minds : issues in philosophy and psychology / _cedited by Naomi Eilan ... [et al.]. |
| 260 |
_aOxford : _bClarendon Press ; New York : _bOxford University Press, _c2005. |
||
| 300 |
_axii, 332 p. : _bill. |
||
| 504 | _aIncludes bibliographical references and index. | ||
| 520 | _a"This book contains research into the cognitive phenomenon of 'joint attention'. Philosophical and psychological perspectives on the nature and significance of this phenomenon are examined"--Provided by publisher. | ||
| 533 |
_aElectronic reproduction. _bPalo Alto, Calif. : _cebrary, _d2013. _nAvailable via World Wide Web. _nAccess may be limited to ebrary affiliated libraries. |
||
| 650 | 0 | _aJoint attention. | |
| 655 | 7 |
_aElectronic books. _2local |
|
| 700 | 1 | _aEilan, Naomi. | |
| 710 | 2 | _aebrary, Inc. | |
| 856 | 4 | 0 |
_uhttp://site.ebrary.com/lib/rucke/Doc?id=10271653 _zAn electronic book accessible through the World Wide Web; click to view |
| 999 |
_c7509 _d7509 |
||